Football Stadiums and Their Clubs - Statistics

General Stats
  • This quiz has been taken 86 times
  • The average score is 12 of 21
Answer Stats
Hint Answer % Correct
Santiago Bernabeu Real Madrid
100%
Camp Nou Fc Barcelona
99%
Etihad Stadium Manchester City
99%
Old Traford Manchester United
99%
Anfield Liverpool
97%
San Siro Ac Milan
86%
Emirates Stadium Arsenal
82%
Stamford Bridge Chelsea
80%
Celtic Park Celtic
79%
Parc Des Princes PSG
74%
Signal Iduna Park Borussia Dortmund
72%
Metropolitano Atletico Madrid
61%
Stadio Diego Armando Maradona Napoli
57%
Ibrox Stadium Rangers
41%
Estadio Da Luz Benfica
38%
Johan Cruyff Arena Ajax Amsterdam
33%
Estadio Ramón Sánchez Pizjuán Sevilla
32%
Stadion Miejski Im. Józefa Piłsudskiego Legia Warszawa
8%
Enea Stadion Lech Poznań
5%
San Siro Inter Mediolan
4%
Allianz Arena Bayern Monahium
1%
No matching quizzes found
Score Distribution
Percent of People with Each Score
Percentile by Number Answered
Your Score History
You have not taken this quiz